Relaxation phenomena in polymers (Record no. 23341)

MARC details
000 -LEADER
fixed length control field 00338nam a2200133Ia 4500
082 ## - DEWEY DECIMAL CLASSIFICATION NUMBER
Classification number 678:539.389
Item number BAR
245 #0 - TITLE STATEMENT
Title Relaxation phenomena in polymers
260 ## - PUBLICATION, DISTRIBUTION, ETC. (IMPRINT)
Place of publication New York
Name of publisher John Wiley
Year of publication 1974
650 ## - SUBJECT ADDED ENTRY--TOPICAL TERM
Topical Term Polymers
700 ## - ADDED ENTRY--PERSONAL NAME
Personal name Bartenev, G M
700 ## - ADDED ENTRY--PERSONAL NAME
Personal name Zelenev, Yu V
942 ## - ADDED ENTRY ELEMENTS (KOHA)
Koha item type Books
Holdings
Withdrawn status Lost status Damaged status Not for loan Home library Current library Date acquired Cost, normal purchase price Full call number Accession Number Koha item type
        RRII Library RRII Library 16/12/2021 282.00 678:539.389 BAR 04042 Books